CORe : central offices research : London. - Autumn 2000 & Winter 2000/2001 (Record no. 101120)

MARC details
000 -LEADER
fixed length control field 00677cam a2200229 4500
001 - CONTROL NUMBER
control field J63514
008 - FIXED-LENGTH DATA ELEMENTS--GENERAL INFORMATION
fixed length control field 000000n2000 000 0 eng u
035 ## - SYSTEM CONTROL NUMBER
System control number (Sirsi) u110642
041 ## - LANGUAGE CODE
Language code of text/sound track or separate title eng
050 ## - LIBRARY OF CONGRESS CALL NUMBER
Classification number 333.33709421
110 ## - MAIN ENTRY--CORPORATE NAME
Corporate name or jurisdiction name as entry element DTZ Research
9 (RLIN) 3886
245 ## - TITLE STATEMENT
Title CORe : central offices research : London. - Autumn 2000 & Winter 2000/2001
260 ## - PUBLICATION, DISTRIBUTION, ETC.
Place of publication, distribution, etc. London
Name of publisher, distributor, etc. DTZ Research
Date of publication, distribution, etc. 2000
300 ## - PHYSICAL DESCRIPTION
Extent 2 pt. ; 30cm.
650 ## - SUBJECT ADDED ENTRY--TOPICAL TERM
Topical term or geographic name entry element FLOORSPACE STATISTICS
650 ## - SUBJECT ADDED ENTRY--TOPICAL TERM
Topical term or geographic name entry element LONDON
650 ## - SUBJECT ADDED ENTRY--TOPICAL TERM
Topical term or geographic name entry element PROPERTY-COMMERCIAL PROPERTY-OFFICE PROPERTY-OFFICE PROPERTY MARKET
650 ## - SUBJECT ADDED ENTRY--TOPICAL TERM
Topical term or geographic name entry element PROPERTY INVESTMENT
650 ## - SUBJECT ADDED ENTRY--TOPICAL TERM
Topical term or geographic name entry element OFFICES
690 ## - LOCAL SUBJECT ADDED ENTRY--TOPICAL TERM (OCLC, RLIN)
Topical term or geographic name as entry element PROPERTY-COMMERCIAL PROPERTY
942 ## - ADDED ENTRY ELEMENTS (KOHA)
Suppress in OPAC 0
Holdings
Withdrawn status Lost status Source of classification or shelving scheme Damaged status Not for loan Home library Current library Shelving location Date acquired Total Checkouts Full call number Barcode Date last seen Copy number Price effective from Koha item type
    Dewey Decimal Classification     London London Property market reports 30/01/2001   PROPERTY MARKET REPORTS 30063514 06/08/2019 1 06/08/2019 Book
    Dewey Decimal Classification     London London Property market reports 15/02/2001   PROPERTY MARKET REPORTS 30063592 06/08/2019 2 06/08/2019 Book